| 000 | 00955nam a2200253 a 4500 | ||
|---|---|---|---|
| 005 | 20161128145214.0 | ||
| 008 | 161128s2010 fr ab||| |||| 00| 0 fre d | ||
| 040 |
_aCO-BoIAVH _cCO-BoIAVH |
||
| 041 | 0 | _afre | |
| 044 |
_asz _afr |
||
| 090 |
_aFG- _b0098 |
||
| 245 | 0 | 0 | _aL' Allondon |
| 260 |
_a[Ginebra?], Suiza ; _a[Prévessin-Moëns?], Francia : _bCette fiche-rivière a été élaborée par le département de l'intérieur et de la mobilité (DIM), _c2010. |
||
| 300 |
_a54 páginas : _bilustraciones a color y mapas ; _c10 x 15 cm. |
||
| 490 | 0 |
_aFiche-rivière ; _vn° 1 |
|
| 500 | _aIncluye glosario. | ||
| 650 | 2 | 6 |
_aCursos de agua _xHidrología |
| 650 | 2 | 6 |
_aCursos de agua _xGeología |
| 650 | 2 | 6 | _aCaracterísticas del sitio |
| 651 | 6 |
_aFrancia _zAllondon (río) |
|
| 651 | 6 |
_aSuiza _zAllondon (río) |
|
| 710 | 2 | _aDépartement de l'intérieur et de la mobilité (DIM) | |
| 942 |
_2z _cFolleto |
||
| 999 |
_c19149 _d19149 |
||